Super Mario Party Jamboree All Items - Statistics

General Stats
  • This quiz has been taken 8 times
    5 since last reset
  • The average score is 19 of 48
Answer Stats
Hint Answer % Correct
Party Mode Golden Pipe
100%
Party Mode Mushroom
80%
Party Mode Boo Bell
60%
Board Exclusive Bowser Byway Lever
60%
Bowser Kaboom Squad Dash Panel
60%
Party Mode Double Dice
60%
Party Mode Payday Double Dice
60%
Party Mode Payday Triple Dice
60%
Party Mode Pipe
60%
Board Exclusive Steamer Ticket
60%
Board Exclusive Tower Turner
60%
Party Mode Triple Dice
60%
Board Exclusive Turbo Dice
60%
Board Exclusive Wiggler Bell
60%
Bowser Kaboom Squad Bowser Bell
40%
Party Mode Bowser Phone
40%
Party Mode Chomp Call
40%
Party Mode Creepy Dice Block
40%
Party Mode Creepy Dice Block Tickets
40%
Party Mode Custom Dice Block
40%
Party Mode Dueling Glove
40%
Bowser Kaboom Squad Hammer
40%
Bowser Kaboom Squad Heart
40%
Bowser Kaboom Squad Iron Hammer
40%
Board Exclusive Markup Sticker
40%
Bowser Kaboom Squad Mighty Glove
40%
Party Mode Mushroom Tickets
40%
Party Mode Shop Hop Box
40%
Party Mode Skeleton Key
40%
Party Mode Super Creepy Dice
40%
Party Mode Super Dueling Glove
40%
Party Mode Super Swap Mirror
40%
Party Mode Swap Mirror
40%
Board Exclusive Tide Shell
40%
Bowser Kaboom Squad Trampoline
40%
Party Mode Cellular Shopper
20%
Party Mode Hidden Block Card
20%
Bowser Kaboom Squad Lightning
20%
Party Mode Loadstone
20%
Party Mode Plunder Chest
20%
Party Mode Star Steal Trap
20%
Bowser Kaboom Squad Super Heart
20%
Party Mode Warp Box
20%
Party Mode 10 Coin Steal Trap
0%
Bowser Kaboom Squad Banana
0%
Bowser Kaboom Squad Double Medal
0%
Party Mode Half Coins Steal Trap
0%
Party Mode Item Bag
0%
No matching quizzes found
Score Distribution
Percent of People with Each Score
Percentile by Number Answered
Your Score History
You have not taken this quiz since the last reset